000 00556nam a2200169 i 4500
001 182366
003 ES-MaACL
005 20230906221606.0
008 130806s1987 sp | |||| ||spa d
080 _a342.25(460)
100 1 _aGrien, Raúl.
_959984
245 1 3 _aLa feria de las autonomías o El reparto (constitucional) de España /
_cRaúl Grien.
260 _aMadrid :
_b[s.n.],
_c1987 (
_eMadrid :
_fTall. Impresos y Ediciones)
300 _a44 p. ;
_c23 cm.
651 4 _aEspaña-
_xComunidades autónomas.
_9153185
852 _aES-MaACL
_j2319-F-30
999 _c182366
_d182366